Nonparametric indices for the selection of hybrid citrus as rootstocks grafted with 'Valência' sweet orange (Registro n. 298992)
[ somente texto ]
| 000 -LÍDER | |
|---|---|
| fixed length control field | 04241nab a2200385 i 4500 |
| 003 - CÓDIGO MARC DA AGÊNCIA CATALOGADORA | |
| Campo de controle | BR-BrBNA |
| 005 - DATA E HORA DA ÚLTIMA ATUALIZAÇÃO | |
| Campo de controle | 20240328153125.0 |
| 008 - CAMPO DE TAMANHO FIXO | |
| fixed length control field | 240328b2020 bl.ar|pooa||| 00| 0 eng | |
| 040 ## - FONTE DA CATALOGAÇÃO | |
| Agência catalogadora | BR-BrBNA |
| Idioma da catalogação | eng |
| 072 ## - CATEGORIA AGRIS | |
| Código AGRIS | F30 |
| Código do objeto | 1060 |
| 072 ## - CATEGORIA AGRIS | |
| Código AGRIS | F02 |
| 100 ## - ENTRADA PRINCIPAL - NOME PESSOAL | |
| Nome pessoal | Costa, Danilo Pereira |
| 100 ## - ENTRADA PRINCIPAL - NOME PESSOAL | |
| Nome pessoal | Ribeiro, Lucas de Oliveira |
| 100 ## - ENTRADA PRINCIPAL - NOME PESSOAL | |
| Nome pessoal | Coelho Filho, Maurício Antônio |
| 100 ## - ENTRADA PRINCIPAL - NOME PESSOAL | |
| Nome pessoal | Ledo, Carlos Alberto da Silva |
| 100 ## - ENTRADA PRINCIPAL - NOME PESSOAL | |
| Nome pessoal | Stuchi, Eduardo Sanches |
| 100 ## - ENTRADA PRINCIPAL - NOME PESSOAL | |
| Nome pessoal | Girardi, Eduardo Augusto |
| 100 ## - ENTRADA PRINCIPAL - NOME PESSOAL | |
| Nome pessoal | Gesteira, Abelmon da Silva |
| 100 ## - ENTRADA PRINCIPAL - NOME PESSOAL | |
| Nome pessoal | Soares Filho, Walter dos Santos |
| 245 ## - TÍTULO PRINCIPAL | |
| Título principal | Nonparametric indices for the selection of hybrid citrus as rootstocks grafted with 'Valência' sweet orange |
| 500 ## - NOTA GERAL | |
| Nota geral | Publicação on-line; 29 ref.; 6 tables; Summaries (En, Pt) |
| 942 ## - ADDED ENTRY ELEMENTS (KOHA) | |
| Koha item type | |
| 520 ## - NOTA DE RESUMO | |
| Nota de conteúdo | <br/><br/><br/>Abstract – The objective of this work was to evaluate five nonparametric selection indices for the selection of hybrid citrus rootstocks grafted with 'Valência' sweet orange, using horticultural traits relevant for the juice processing industry. Forty-six rootstocks were evaluated in a randomized complete block design, with three replicates and five trees in the plot, in the period from 2009–2015, in a rainfed cultivation. The means of the variables plant height, accumulated fruit yield, fruit yield efficiency, total soluble solids concentration, juice yield, and drought-tolerance were used to calculate the following indices: multiplicative index (IEi), sum of classification (IMMi), genotype-ideotype distance (DiI), and ranking indices (IRKi, based on simple means; and IRKii, based on linear normalization). The indices were efficient to classify the hybrids in relation to general performance. Spearman’s correlation showed a high similarity between most nonparametric indices, notably between IRKi and IRKii. The ranking indices, mainly IRKii, provide a more coherent classification of the hybrids, which allows of the selection of more productive and drought-tolerant rootstocks to produce high-quality fruit for processing.<br/><br/><br/>Index terms: Citrus, Poncirus trifoliata, breeding, genetic variability, selection index |
| 520 ## - NOTA DE RESUMO | |
| Nota de conteúdo | <br/><br/><br/>Resumo – O objetivo deste trabalho foi avaliar cinco índices de seleção não paramétricos para a seleção de citros híbridos como porta-enxertos, enxertados com laranjeira 'Valência', com base em atributos horticulturais relevantes para a indústria de processamento de suco. Avaliaram-se 46 porta-enxertos em delineamento de blocos ao acaso, com três repetições e cinco plantas na parcela, no período de 2009–2015, em cultivo de sequeiro. As médias das variáveis altura de planta, produção acumulada de frutos, eficiência produtiva de frutos, concentração de sólidos solúveis totais, rendimento de suco e tolerância à seca foram utilizadas para calcular os seguintes índices: multiplicativo (IEi), soma de classificação (IMMi), distância genótipo-ideótipo (DiI) e ranqueamento (IRKi, baseado em médias simples; e IRKii, baseado em normalização linear). Os índices foram eficientes em classificar os híbridos em relação ao desempenho geral. A correlação de Spearman mostrou alta similaridade entre a maioria dos índices não paramétricos, notadamente entre IRKi e IRKii. Os índices de ranqueamento, principalmente o IRKii, fornecem uma classificação mais coerente dos híbridos, o que permite a seleção de porta-enxertos mais produtivos e tolerantes à seca, para a produção de frutas de alta qualidade para processamento.<br/><br/><br/>Termos de indexação: Citrus, Poncirus trifoliata, melhoramento, variabilidade genética, índice de seleção. |
| 650 ## - ASSUNTO - THESAGRO | |
| Cabeçalho tópico ou nome geográfico | CITRICULTURA |
| 650 ## - ASSUNTO - THESAGRO | |
| Cabeçalho tópico ou nome geográfico | LARANJA |
| 650 ## - ASSUNTO - THESAGRO | |
| Cabeçalho tópico ou nome geográfico | PORTA-ENXERTO |
| 650 ## - ASSUNTO - THESAGRO | |
| Cabeçalho tópico ou nome geográfico | HÍBRIDO |
| 650 ## - ASSUNTO - THESAGRO | |
| Cabeçalho tópico ou nome geográfico | SELEÇÃO |
| 650 ## - ASSUNTO - THESAGRO | |
| Cabeçalho tópico ou nome geográfico | VARIAÇÃO GENÉTICA |
| 650 ## - ASSUNTO - THESAGRO | |
| Cabeçalho tópico ou nome geográfico | MELHORAMENTO VEGETAL |
| 773 0# - ENTRADA ANALÍTICA | |
| Host Biblionumber | 920 |
| Registro do item | 25800 |
| Imprenta | Brasília-DF Empresa Brasileira de Pesquisa Agropecuária - EMBRAPA 1966- |
| Outro identificador | 2023-436355 |
| Título | Pesquisa Agropecuária Brasileira (Brazil) |
| ISSN | 0100-204X |
| Colação | v. 55 p. 1-12; (2020) |
| Número de controle de registro | BR2024000260 |
| 856 ## - ACESSO E ENDEREÇO ELETRÔNICO | |
| Identificador uniforme de recurso - URI | https://www.scielo.br/j/pab/a/N4W8RJ8st5LrksGv3h9WMWD/?format=pdf&lang=en |
Nenhum exemplar disponível.

BINAGRI